<?xml version="1.0" encoding="UTF-8"?>
<record
    xmlns:xsi="http://www.w3.org/2001/XMLSchema-instance"
    xsi:schemaLocation="http://www.loc.gov/MARC21/slim http://www.loc.gov/standards/marcxml/schema/MARC21slim.xsd"
    xmlns="http://www.loc.gov/MARC21/slim">

  <leader>03538nam a2200397Ia 4500</leader>
  <controlfield tag="001">539118180</controlfield>
  <controlfield tag="003">OCoLC</controlfield>
  <controlfield tag="005">20150408114128.0</controlfield>
  <controlfield tag="006">m        u        </controlfield>
  <controlfield tag="007">cr |||||||||||</controlfield>
  <controlfield tag="008">100304s2009    nyua    ob    001 0 eng d</controlfield>
  <datafield tag="020" ind1=" " ind2=" ">
    <subfield code="a">9780195385540 (alk. paper)</subfield>
  </datafield>
  <datafield tag="020" ind1=" " ind2=" ">
    <subfield code="a">0195385543 (alk. paper)</subfield>
  </datafield>
  <datafield tag="040" ind1=" " ind2=" ">
    <subfield code="a">Ma-Un</subfield>
    <subfield code="b">eng</subfield>
  </datafield>
  <datafield tag="082" ind1=" " ind2=" ">
    <subfield code="2">22</subfield>
    <subfield code="a">150.72</subfield>
  </datafield>
  <datafield tag="100" ind1="1" ind2=" ">
    <subfield code="a">Rosenthal, Robert,</subfield>
    <subfield code="d">1933-</subfield>
    <subfield code="9">34757</subfield>
  </datafield>
  <datafield tag="245" ind1="1" ind2="0">
    <subfield code="a">Artifacts in behavioral research</subfield>
    <subfield code="b">Robert Rosenthal and Ralph L. Rosnow's classic books : a re-issue of Artifact in behavioral research, Experimenter effects in behavioral research and The volunteer subject /</subfield>
    <subfield code="c">Robert Rosenthal, Ralph L. Rosnow ; with a foreword by Alan E. Kazdin.</subfield>
  </datafield>
  <datafield tag="260" ind1=" " ind2=" ">
    <subfield code="a">New York :</subfield>
    <subfield code="b">Oxford University Press,</subfield>
    <subfield code="c">2009.</subfield>
  </datafield>
  <datafield tag="300" ind1=" " ind2=" ">
    <subfield code="a">1 online resource (xv, 886 p.) :</subfield>
    <subfield code="b">ill.</subfield>
  </datafield>
  <datafield tag="500" ind1=" " ind2=" ">
    <subfield code="a">Description based on print version record.</subfield>
  </datafield>
  <datafield tag="500" ind1=" " ind2=" ">
    <subfield code="a">New combination volume of three books-in-one.</subfield>
  </datafield>
  <datafield tag="504" ind1=" " ind2=" ">
    <subfield code="a">Includes bibliographical references and indexes.</subfield>
  </datafield>
  <datafield tag="505" ind1="0" ind2=" ">
    <subfield code="a">Book one: Artifact in behavioral research -- Perspective: artifact and control / Edwin G. Boring -- Suspiciousness of experimenter's intent / William J. McGuire -- The volunteer subject / Robert Rosenthal and Ralph L. Rosnow -- Pretest sensitization / Robert E. Lana -- Demand characteristics and the concept of quasi-controls / Martin T. Orne -- Interpersonal expectations : effects of the experimenter's hypothesis / Robert Rosenthal -- The conditions and consequences of evaluation apprehension / Milton J. Rosenberg -- Prospective : artifact and control / Donald T. Campbell -- Book two: Experimenter effects in behavioral research -- The nature of experimenter effects -- The experimenter as observer -- Interpretation of data -- Intentional error -- Biosocial attributes -- Psychosocial attributes -- Situational factors -- Experimenter modeling -- Experimenter expectancy -- Studies of experimenter expectancy effects -- Human subjects -- Animal subjects -- Subject set -- Early data returns -- Excessive rewards -- Structural variables -- Behavioral variables -- Communication of experimenter expectancy -- Methodological implications -- The generality and assessment of experimenter effects -- Replications and their assessment -- Experimenter sampling -- Experimenter behavior -- Personnel considerations -- Blind and minimized contact -- Expectancy control groups -- Book three: The volunteer subject -- Introduction -- Characteristics of the volunteer subject -- Situational determinants of volunteering -- Implications for the interpretation of research findings -- Empirical research on voluntarism as an artifact-independent variable -- An intergrative overview.</subfield>
  </datafield>
  <datafield tag="506" ind1=" " ind2=" ">
    <subfield code="a">Available to OhioLINK Libraries.</subfield>
  </datafield>
  <datafield tag="533" ind1=" " ind2=" ">
    <subfield code="a">Electronic reproduction.</subfield>
    <subfield code="b">Oxford ;</subfield>
    <subfield code="b">New York :</subfield>
    <subfield code="c">Oxford University Press.</subfield>
    <subfield code="n">Mode of access: World Wide Web.</subfield>
  </datafield>
  <datafield tag="650" ind1=" " ind2="0">
    <subfield code="a">Psychology</subfield>
    <subfield code="x">Research.</subfield>
    <subfield code="9">17398</subfield>
  </datafield>
  <datafield tag="650" ind1=" " ind2="0">
    <subfield code="a">Social sciences</subfield>
    <subfield code="x">Research.</subfield>
    <subfield code="9">19158</subfield>
  </datafield>
  <datafield tag="655" ind1=" " ind2="7">
    <subfield code="a">Electronic books </subfield>
    <subfield code="2">local.</subfield>
    <subfield code="9">4135</subfield>
  </datafield>
  <datafield tag="700" ind1="1" ind2=" ">
    <subfield code="a">Rosnow, Ralph L.</subfield>
    <subfield code="9">34758</subfield>
  </datafield>
  <datafield tag="710" ind1="2" ind2=" ">
    <subfield code="a">Ohio Library and Information Network.</subfield>
    <subfield code="9">34759</subfield>
  </datafield>
  <datafield tag="773" ind1="0" ind2=" ">
    <subfield code="t">OhioLINK electronic book center.</subfield>
  </datafield>
  <datafield tag="773" ind1="0" ind2=" ">
    <subfield code="t">Oxford scholarship online</subfield>
    <subfield code="w">(OCoLC)56761044.</subfield>
  </datafield>
  <datafield tag="776" ind1="0" ind2="8">
    <subfield code="i">Print version:</subfield>
    <subfield code="a">Rosenthal, Robert, 1933-</subfield>
    <subfield code="t">Artifacts in behavioral research.</subfield>
    <subfield code="d">New York : Oxford University Press, 2009.</subfield>
    <subfield code="z">9780195385540</subfield>
    <subfield code="w">(DLC)  2008038527</subfield>
    <subfield code="w">(OCoLC)247962412.</subfield>
  </datafield>
  <datafield tag="856" ind1="4" ind2="0">
    <subfield code="u">http://rave.ohiolink.edu/ebooks/ebc/9780195385540</subfield>
    <subfield code="z">Connect to resource</subfield>
  </datafield>
  <datafield tag="942" ind1=" " ind2=" ">
    <subfield code="2">ddc</subfield>
    <subfield code="c">BOOK</subfield>
  </datafield>
  <datafield tag="999" ind1=" " ind2=" ">
    <subfield code="c">29303</subfield>
    <subfield code="d">263803</subfield>
  </datafield>
  <datafield tag="952" ind1=" " ind2=" ">
    <subfield code="1">0</subfield>
    <subfield code="2">2013-03-26</subfield>
    <subfield code="4">0</subfield>
    <subfield code="7">0</subfield>
    <subfield code="a">150.72 RRA</subfield>
    <subfield code="c">n1</subfield>
    <subfield code="d">2013-03-26</subfield>
    <subfield code="h">CL</subfield>
    <subfield code="i">00450320</subfield>
    <subfield code="m">CL</subfield>
    <subfield code="r">2013-03-26 00:00:00</subfield>
    <subfield code="t">BOOK</subfield>
    <subfield code="w">ddc</subfield>
    <subfield code="y">0</subfield>
  </datafield>
  <datafield tag="952" ind1=" " ind2=" ">
    <subfield code="1">0</subfield>
    <subfield code="2">2013-03-26</subfield>
    <subfield code="4">0</subfield>
    <subfield code="7">0</subfield>
    <subfield code="a">150.72 RRA</subfield>
    <subfield code="c">n2</subfield>
    <subfield code="d">2013-03-26</subfield>
    <subfield code="h">CL</subfield>
    <subfield code="i">00450319</subfield>
    <subfield code="m">CL</subfield>
    <subfield code="r">2013-03-26 00:00:00</subfield>
    <subfield code="t">BOOK</subfield>
    <subfield code="w">ddc</subfield>
    <subfield code="y">0</subfield>
  </datafield>
  <datafield tag="952" ind1=" " ind2=" ">
    <subfield code="1">0</subfield>
    <subfield code="2">2013-03-26</subfield>
    <subfield code="4">0</subfield>
    <subfield code="7">0</subfield>
    <subfield code="a">150.72 RRA</subfield>
    <subfield code="c">n3</subfield>
    <subfield code="d">2013-03-26</subfield>
    <subfield code="h">CL</subfield>
    <subfield code="i">00450321</subfield>
    <subfield code="m">CL</subfield>
    <subfield code="r">2013-03-26 00:00:00</subfield>
    <subfield code="t">BOOK</subfield>
    <subfield code="w">ddc</subfield>
    <subfield code="y">0</subfield>
  </datafield>
</record>
